Malaysia and Asean economic cooperation

Bibliographic Details
Main Author: Mohamed Ariff
Corporate Author: Institute of Southeast Asian Studies. ASEAN
Format: Book
Published: Singapore : Institute of SouthEast Asean studies , 1981
Subjects:

MARC

LEADER 00000cam a2200000 7i4500
001 0000009595
005 20160920.0
040 |a INS 
090 0 0 |a DS513.I539 1981 
100 0 |a Mohamed Ariff 
245 0 0 |a Malaysia and Asean economic cooperation   |c by Mohamed Ariff 
260 |a Singapore :   |b Institute of SouthEast Asean studies ,   |c 1981 
300 |a 177 p ;   |c 24cm. 
650 0 0 |a Asian cooperation 
651 0 |a Malaysia   |x Commerce 
651 0 |a Malaysia   |x Foreign economic relations 
710 1 |a Institute of Southeast Asian Studies. ASEAN 
999 |a 0000022186   |b BOOK   |c Open Shelf   |e Default branch